| 000 | 00814nam a22002417a 4500 | ||
|---|---|---|---|
| 001 | 8914 | ||
| 003 | FISKH | ||
| 005 | 20251031110004.0 | ||
| 008 | 251031b cb ||||| |||| 00| 0 eng d | ||
| 020 | _a033500903069 | ||
| 040 |
_aFISKH _beng _cFISKH _dFISKH |
||
| 050 | _aPZ7.M43174 I | ||
| 082 | _a813 | ||
| 100 | _aMartin, Ann Matthews | ||
| 245 | _aI like to be little / | ||
| 260 |
_aNew York : _bMerrigold, _c1976. |
||
| 300 |
_a26 unnumbered pages : _bcolor illustrations ; _c17 cm |
||
| 505 | _aNP | ||
| 520 | _aThese special little books, creatively written and colorfully illustrated, cover a wide range of subjects-from bedtime, Mother Goose, and animals to transportation, learning concept and fairytale. | ||
| 650 |
_aChildren's books _vAll About Me |
||
| 942 |
_2ddc _cBK _n0 |
||
| 999 |
_c8914 _d8914 |
||